Begandang (Record no. 167391)

MARC details
000 -LEADER
fixed length control field 00508nam a2200181 i 4500
001 - CONTROL NUMBER
control field C2-0323715
003 - CONTROL NUMBER IDENTIFIER
control field PPAK
005 - DATE AND TIME OF LATEST TRANSACTION
control field 20180729001407.0
008 - FIXED-LENGTH DATA ELEMENTS--GENERAL INFORMATION
fixed length control field 131112s my |||| ||||| | may d
020 ## - INTERNATIONAL STANDARD BOOK NUMBER
International Standard Book Number 9839169421
040 ## - CATALOGING SOURCE
Original cataloging agency PPAK
Language of cataloging eng
Transcribing agency PPAK
Description conventions rda
245 00 - TITLE STATEMENT
Title Begandang
Remainder of title Muzik Kulintangan Bisaya
264 #1 - PRODUCTION, PUBLICATION, DISTRIBUTION, MANUFACTURE, AND COPYRIGHT NOTICE
Place of production, publication, distribution, manufacture Sabah :
Name of producer, publisher, distributor, manufacturer Pejabat Kebudayaan dan Kesenian Negeri Sabah ,
Date of production, publication, distribution, manufacture, or copyright notice [n.d.]
336 ## - CONTENT TYPE
Source rdacontent
Content type term text
337 ## - MEDIA TYPE
Source rdamedia
Media type term unmediated
338 ## - CARRIER TYPE
Source rdacarrier
Carrier type term volume
942 ## - ADDED ENTRY ELEMENTS (KOHA)
Source of classification or shelving scheme Dewey Decimal Classification
Koha item type Video Compact Disc
Holdings
Withdrawn status Lost status Source of classification or shelving scheme Damaged status Not for loan Home library Current library Shelving location Date acquired Cost, normal purchase price Total Checkouts Full call number Barcode Date last seen Price effective from Koha item type
    Dewey Decimal Classification Pelupusan   Perpustakaan Alor Setar Perpustakaan Alor Setar Pinjaman Dewasa 04/11/2013 0.00   784.19595 BEG A00816019 05/07/2018 05/07/2018 Video Compact Disc